| 000 | 00000nam 2200000zi 4500 |
| 001 | 9.897055 |
| 003 | CaOODSP |
| 005 | 20250107144055 |
| 006 | m o d f |
| 007 | cr cn||||||||| |
| 008 | 210302t20212021qucdb obs f000 0 eng d |
| 020 | |a9780660376585 |
| 040 | |aCaOODSP|beng|erda|cCaOODSP |
| 043 | |an-cn--- |
| 086 | 1 |aEn4-144/11-2021E-PDF |
| 245 | 00|aCanadian environmental sustainability indicators : |bCanada's conserved areas. |
| 246 | 14|aCanada's conserved areas |
| 264 | 1|aGatineau QC : |bEnvironment and Climate Change Canada = Environnement et changement climatique Canada, |c2021. |
| 264 | 4|c©2021 |
| 300 | |a1 online resource (33 pages) : |
| 336 | |atext|btxt|2rdacontent |
| 337 | |acomputer|bc|2rdamedia |
| 338 | |aonline resource|bcr|2rdacarrier |
| 500 | |aIssued also in French under title: Indicateurs canadiens de durabilité de l'environnement : aires conservées au Canada. |
| 500 | |aIssued also in HTML format. |
| 504 | |aIncludes bibliographical references (page 19). |
| 650 | 0|aProtected areas|zCanada|vStatistics. |
| 650 | 0|aEnvironmental indicators|zCanada. |
| 655 | 7|aStatistics|2lcgft |
| 710 | 1 |aCanada. |bEnvironment and Climate Change Canada, |eissuing body. |
| 775 | 08|tIndicateurs canadiens de durabilité de l'environnement : |w(CaOODSP)9.897056 |
| 794 | |tCanadian environmental sustainability indicators : |b(May 2022)|w(CaOODSP)9.909818 |
| 795 | |tCanadian environmental sustainability indicators : |b(July 2020)|w(CaOODSP)9.887055 |
| 856 | 40|qPDF|s1.43 MB|uhttps://publications.gc.ca/collections/collection_2021/eccc/en4-144/En4-144-11-2021-eng.pdf |
| 856 | 4 |qHTML|sN/A|uhttps://www.canada.ca/en/environment-climate-change/services/environmental-indicators/conserved-areas.html |